Handbook of heterogeneous catalysis /
Guardado en:
| Otros Autores: | , , |
|---|---|
| Formato: | Libro |
| Idioma: | English |
| Publicado: |
Weinheim :
VCH,
c1997.
|
| Materias: | |
| Acceso en línea: | Descripción Tabla de contenido |
| Etiquetas: |
Agregar Etiqueta
Sin Etiquetas, Sea el primero en etiquetar este registro!
|
| LEADER | 01400cam a22003015a 4500 | ||
|---|---|---|---|
| 001 | EIQ.libpla000311 | ||
| 008 | 970904s1997####gw#a#####bf###001#0#eng#d | ||
| 005 | 20060511194500.0 | ||
| 245 | 0 | 0 | |a Handbook of heterogeneous catalysis / |c edited by G. Ertl, H. Knözinger, J. Weitkamp. |
| 260 | |a Weinheim : |b VCH, |c c1997. | ||
| 300 | |a 5 v. (xxiiv, 2479 p.) : |b il. (algunas col.) ; |c 29 cm. | ||
| 504 | |a Incluye referencias bibliográficas e índice. | ||
| 020 | |a 3527292128 (papel libre de ácido) | ||
| 700 | 1 | |a Ertl, G. |q (Gerhard), |e ed. |4 edt | |
| 700 | 1 | |a Knözinger, H., |d 1935-, |e ed. |4 edt | |
| 700 | 1 | |a Weitkamp, J. |q (Jens), |e ed. |4 edt | |
| 082 | 0 | 0 | |a 541.3/95 |2 21 |
| 650 | 4 | |a Catálisis heterogénea |x Handbooks, manuales, etc. | |
| 650 | 0 | |a Heterogeneous catalysis |x Handbooks, manuals, etc. | |
| 010 | |a 98101337 | ||
| 040 | |a FAS |c FAS |d MCM |d AR-BbSID | ||
| 856 | 4 | 2 | |3 Descripción |u http://www.loc.gov/catdir/description/wiley031/98101337.html |
| 856 | 4 | 1 | |3 Tabla de contenido |u http://www.loc.gov/catdir/toc/wiley022/98101337.html |
| 859 | |a AR-BbSID |b BIB. PLAPIQUI |h 541.395 |i H 891 |p 5813 |v Vol. 1 |3 V. 1 | ||
| 859 | |a AR-BbSID |b BIB. PLAPIQUI |h 541.395 |i H 891 |p 5814 |v Vol. 2 |3 V. 2 | ||
| 859 | |a AR-BbSID |b BIB. PLAPIQUI |h 541.395 |i H 891 |p 5815 |v Vol. 3 |3 V. 3 | ||
| 859 | |a AR-BbSID |b BIB. PLAPIQUI |h 541.395 |i H 891 |p 5816 |v Vol. 4 |3 V. 4 | ||
| 859 | |a AR-BbSID |b BIB. PLAPIQUI |h 541.395 |i H 891 |p 5817 |v Vol. 5 |3 V. 5 | ||
